Mamas a Papas Alice Nellis prešľapujú v beznádeji

Bibliographic Details
Main Author: Šimonová, Dominika (Author)
Format: Article
Language:Slovak
PhysicalDescription:Fotogr.
ISSN:1335-4050
Subjects:

MARC

LEADER 00000nab a2200000 ar4500
001 vtls010203302
003 SK-MaSNL
005 20260303093807.0
008 110113c20100706xo ||||||||||||00 b|slo
015 |a SNBRB2011/01  |2 snkbucl 
038 |a SNKBUCL 
040 |a SNKBUCL  |b slo  |c SNKBUCL  |e AACR2 
041 0 |a slo 
044 |a xo  |c SK 
080 |a 791.221.41  |x (437.3)  |2 2001 
100 1 |a Šimonová, Dominika  |4 aut  |9 1043736 
245 1 0 |a Mamas a Papas Alice Nellis prešľapujú v beznádeji  |c Dominika Šimonová 
300 |b Fotogr. 
630 0 7 |a Mamas & Papas (film)  |2 snkbucl  |9 1083729 
655 7 |a recenzie  |2 snkbucl  |9 21907 
773 0 |t Pravda  |g Roč. XX, č. 153 (6.7.2010), s. 35  |x 1335-4050 
852 |a SNK  |b KIS3GCP 
958 |a RC 
999 |c 1817213  |d 1819143